Vista normal
Vista MARC
Entrada Personal Name
Número de registros utilizados en: 1
001 - CONTROL NUMBER
- control field: 3104
003 - CONTROL NUMBER IDENTIFIER
- control field: OSt
005 - DATE AND TIME OF LATEST TRANSACTION
- control field: 20200415205023.0
008 - FIXED-LENGTH DATA ELEMENTS
- fixed length control field: 200415|| aca||aabn | a|a d
040 ## - CATALOGING SOURCE
- Original cataloging agency: OSt
- Transcribing agency: OSt
100 ## - HEADING--PERSONAL NAME
- Personal name: Gaviria Trujillo, César, 1992-1994. Presidente
670 ## - SOURCE DATA FOUND
- Source citation: Work cat.: (OSt)4661: Colombia. Presidente (1992-1994 : Gaviria) 3103, Principales discursos, julio 1992-agosto 1994 / , 1992